Statistics for Ten most populous countries - click map

Click here to take the quiz!

General Stats

  • This quiz has been taken 43 times
  • The average score is 9 of 10

Answers on the Map

Answers color-coded by a green-red scale on the quiz's map according to % correct below.
 

Answer Stats

Answer% Correct
Brazil
100%
China
100%
Mexico
100%
India
97%
Nigeria
97%
United States
97%
Indonesia
94%
Bangladesh
89%
Pakistan
78%
Pakistan
75%

Score Distribution

Percentile by Number Answered

Percent of People with Each Score

Your Score History

You have not taken this quiz